| 000 | 01131nam a22003497a 4500 | ||
|---|---|---|---|
| 003 | CHAP | ||
| 005 | 20220329134346.0 | ||
| 008 | 971013s1979 r 00010 d | ||
| 010 | _a19312 | ||
| 011 | _a20284 | ||
| 035 | _a24372 | ||
| 040 | _cCHAP | ||
| 082 |
_a463 _bD52 1979 |
||
| 245 | _aDiccionario del español moderno | ||
| 250 | _a6 ed. | ||
| 260 |
_aMadrid : _bAguilar, _c1979 |
||
| 300 | _a1159 p. | ||
| 590 |
_aBATCH-UPD _b10 _c20130109 _lUCH01 _h2348 |
||
| 590 |
_aBATCH-UPD _b10 _c20130110 _lUCH01 _h2049 |
||
| 590 |
_aBATCH-UPD _b10 _c20130409 _lUCH01 _h1919 |
||
| 590 |
_aBATCH-UPD _b10 _c20130410 _lUCH01 _h1402 |
||
| 590 |
_aBATCH-UPD _b10 _c20130914 _lUCH01 _h0245 |
||
| 590 |
_aBATCH-UPD _b10 _c20130914 _lUCH01 _h2126 |
||
| 590 |
_aCONVERSION _b10 _c20130109 _lUCH01 _h1312 |
||
| 650 | 1 | 4 |
_aEspañol _xDiccionarios. _937725 |
| 650 | 1 | 4 |
_aEspañol _xDiccionarios _xEspaña. _937727 |
| 700 | 0 |
_aAlonso, Martín. _94620 |
|
| 901 | _aBK | ||
| 942 | _cLIBRO | ||
| 949 |
_a463 D52 1979 _bBC _cLIBRO _d33724000503330 _eC _h51170 _i24372 _si |
||
| 949 |
_a463 D52 1979 _bBC _cLIBRO _d33724000842845 _eC _fc.2 _gDonaciØn _h100813 _i24372 _sb |
||
| 999 |
_c19312 _d19312 |
||